Kerala: a case study of classical democratic decentralization (Record no. 90123)
[ view plain ]
| 000 -LEADER | |
|---|---|
| fixed length control field | 00534nam a2200181Ia 4500 |
| 003 - CONTROL NUMBER IDENTIFIER | |
| control field | STCL |
| 008 - FIXED-LENGTH DATA ELEMENTS--GENERAL INFORMATION | |
| fixed length control field | 230729s9999 xx 000 0 und d |
| 020 ## - INTERNATIONAL STANDARD BOOK NUMBER | |
| Qualifying information | Photocopy |
| 040 ## - CATALOGING SOURCE | |
| Original cataloging agency | STCL |
| Transcribing agency | STCL |
| Language of cataloging | EN |
| 082 ## - DEWEY DECIMAL CLASSIFICATION NUMBER | |
| Edition number | 22 |
| 100 ## - MAIN ENTRY--PERSONAL NAME | |
| Personal name | Vijyanand, S M |
| 245 #0 - TITLE STATEMENT | |
| Title | Kerala: a case study of classical democratic decentralization |
| 246 ## - VARYING FORM OF TITLE | |
| Title proper/short title | Kerala a case study of classical democratic decentralization |
| 260 ## - PUBLICATION, DISTRIBUTION, ETC. (IMPRINT) | |
| Name of publisher, distributor, etc. | Kerala Institute of Local Administration |
| Place of publication, distribution, etc. | Thrissur |
| Date of publication, distribution, etc. | 2009 |
| 300 ## - PHYSICAL DESCRIPTION | |
| Extent | 87 p |
| 546 ## - LANGUAGE NOTE | |
| Language note | English |
| 942 ## - ADDED ENTRY ELEMENTS (KOHA) | |
| Source of classification or shelving scheme | |
| Edition | |
| Koha item type | Book |
| Withdrawn status | Lost status | Source of classification or shelving scheme | Damaged status | Not for loan | Home library | Current library | Shelving location | Date acquired | Total Checkouts | Full call number | Barcode | Date last seen | Price effective from | Koha item type |
|---|---|---|---|---|---|---|---|---|---|---|---|---|---|---|
| Santhome Athenaeum | Santhome Athenaeum | General Stacks | 29/07/2023 | 361.32 VIJ-K | J00097 | 29/07/2023 | 29/07/2023 | Book |